Countries with the most Airports - Statistics

General Stats
  • This quiz has been taken 29 times
  • The average score is 16 of 20
Answer Stats
Number of Airports The Country % Correct
1459 Canada
100%
552 China
100%
1218 France
100%
840 Germany
96%
1580 Mexico
96%
905 Russia
96%
1057 United Kingdom
93%
16116 United States of America
93%
764 Argentina
89%
2257 Australia
89%
5297 Brazil
89%
365 Spain
89%
655 Italy
86%
556 Indonesia
82%
573 South Africa
82%
379 Chile
75%
661 Colombia
71%
509 Venezuela
50%
368 Kenya
36%
569 Papa New Guinea
0%
No matching quizzes found
Score Distribution
Percent of People with Each Score
Percentile by Number Answered
Your Score History
You have not taken this quiz